What's luck got to do with it?: (Record no. 362527)
[ view plain ]
| 000 -LEADER | |
|---|---|
| fixed length control field | 00508nam a2200133Ia 4500 |
| 008 - FIXED-LENGTH DATA ELEMENTS--GENERAL INFORMATION | |
| fixed length control field | 191108s9999 xx 000 0 und d |
| 020 ## - INTERNATIONAL STANDARD BOOK NUMBER | |
| International Standard Book Number | 9.78047118e+012 |
| 100 ## - MAIN ENTRY--PERSONAL NAME | |
| Personal name | Ericksen, Gregory K. |
| 245 ## - TITLE STATEMENT | |
| Statement of responsibility, etc | Gregory Ericksen & Ernst, Young.-- |
| Title | What's luck got to do with it?: |
| Remainder of title | 12 entrepreneurs reveal the secrets behind their success / |
| 260 ## - PUBLICATION, DISTRIBUTION, ETC. (IMPRINT) | |
| Place of publication, distribution, etc | New York: |
| Name of publisher, distributor, etc | John Wiley & Sons, Inc. |
| Date of publication, distribution, etc | 1997 |
| 300 ## - PHYSICAL DESCRIPTION | |
| Extent | xv, 231 pages : |
| 650 ## - SUBJECT ADDED ENTRY--TOPICAL TERM | |
| Topical term or geographic name as entry element | Businesspeople--United States |
| 650 ## - SUBJECT ADDED ENTRY--TOPICAL TERM | |
| Topical term or geographic name as entry element | Entrepreneurship--United States |
| Withdrawn status | Lost status | Source of classification or shelving scheme | Damaged status | Home library | Current library | Shelving location | Date acquired | Source of acquisition | Total Checkouts | Full call number | Barcode | Date last seen | Price effective from | Koha item type |
|---|---|---|---|---|---|---|---|---|---|---|---|---|---|---|
| Library of Congress Classification | Southville International School Affiliated with Foreign Universities Library | Southville International School Affiliated with Foreign Universities Library | Southville Foreign University Section | 11/08/2019 | Donation | HC 102.5 A2 .ER68 1997 | SFU0323 | 11/08/2019 | 11/08/2019 | Books |